Documento expedido a Eduardo Goroztiza (Record no. 4816)

MARC details
000 -CABECERA
campo de control de longitud fija 01972nam a2200337 a 4500
001 - NÚMERO DE CONTROL
campo de control BRCA_5122
005 - FECHA Y HORA DE LA ÚLTIMA TRANSACCIÓN
campo de control 20190320204940.0
008 - DATOS DE LONGITUD FIJA--INFORMACIÓN GENERAL
campo de control de longitud fija 191110s1839----mx-######v---#000-0#spa-#
041 ## - CÓDIGO DE LENGUA
Código de lengua del texto/banda sonora o título independiente spa
044 ## - CÓDIGO DEL PAÍS DE LA ENTIDAD EDITORA/PRODUCTORA
Código MARC del país mx
084 ## - OTRO NÚMERO DE CLASIFICACIÓN
Número de clasificación DOC101
Número de documento/Ítem .G67
-- 1839
100 1# - ENTRADA PRINCIPAL--NOMBRE DE PERSONA
Nombre de persona Goroztiza y Cepeda, Manuel María del Pilar Eduardo
Fechas asociadas al nombre 1789-1851
9 (RLIN) 13068
245 10 - MENCIÓN DE TÍTULO
Título Documento expedido a Eduardo Goroztiza
Mención de responsabilidad, etc. Eduardo Goroztiza, Anastasio Bustamante, Pedro Escandón.
260 ## - PUBLICACIÓN, DISTRIBUCIÓN, ETC.
Lugar de publicación, distribución, etc. México
Fecha de publicación, distribución, etc. 1839
300 ## - DESCRIPCIÓN FÍSICA
Extensión [1] foja
Dimensiones 31 x 21 cm
500 ## - NOTA GENERAL
Nota general Documento firmado el 12 de febrero de 1839 por Anastasio Bustamante y Eduardo Goroztiza.
500 ## - NOTA GENERAL
Nota general El C. Anastasio Bustamante, General de División y Presidente de la República Mexicana nombra a Don Eduardo Goroztiza para que ocupe la plaza vacante de Oficial de la Legación Mexicana en España por promoción de Don Pedro Escandón conforme la ley del 25 de mayo de 1831, sueldo de
-- ,500 como escribiente Segundo del Ministerio de Relaciones Exteriores
500 ## - NOTA GENERAL
Nota general El documento contiene la leyenda DOC. #262
500 ## - NOTA GENERAL
Nota general Papel con marca de agua
500 ## - NOTA GENERAL
Nota general Al margen: ESCUDO NACIONAL MEXICANO ABULTADO Y ENCABEZADO CON SELLO NACIONAL (Águila Republicana) Y LEYENDA: SELLO PRIMERO SEIS PESOS PARA LOS AÑOS DE MIL OCHOCIENTOS TREINTA Y OCHO Y OCHOCIENTOS TREINTA Y NUEVA.
500 ## - NOTA GENERAL
Nota general Estado de conservación: contiene acidez en el sello placa con el Águila Repúblicana
506 0# - NOTA DE RESTRICCIONES AL ACCESO
Limitaciones de acceso Fondo reservado: para su consulta es necesario credencial de usuario y carta de motivos
546 ## - NOTA DE LENGUA/LENGUAJE
Nota de lengua/lenguaje Texto en: español de mediados del siglo XIX
600 14 - PUNTO DE ACCESO ADICIONAL DE MATERIA--NOMBRE DE PERSONA
Nombre de persona Goroztiza y Cepeda, Manuel María del Pilar Eduardo
Fechas asociadas al nombre 1789-1851
9 (RLIN) 13068
650 14 - PUNTO DE ACCESO ADICIONAL DE MATERIA--TÉRMINO DE MATERIA
Término de materia o nombre geográfico como elemento de entrada Relaciones internacionales
Subdivisión de forma Impreso con rúbricas
Subdivisión general Documentos legales
9 (RLIN) 13069
651 #4 - PUNTO DE ACCESO ADICIONAL DE MATERIA--NOMBRE GEOGRÁFICO
Nombre geográfico México
Subdivisión general Historia
Subdivisión cronológica Federalismo y centralismo, 1824-1853
9 (RLIN) 12576
700 1# - PUNTO DE ACCESO ADICIONAL--NOMBRE DE PERSONA
Nombre de persona Bustamante, Anastasio
Fechas asociadas al nombre 1780-1853
9 (RLIN) 13070
700 1# - PUNTO DE ACCESO ADICIONAL--NOMBRE DE PERSONA
Nombre de persona Escandón, Pedro
9 (RLIN) 13071
902 ## - CATALOGADOR
Iniciales FDH
942 ## - ELEMENTOS DE PUNTO DE ACCESO ADICIONAL (KOHA)
Fuente del sistema de clasificación o colocación Library of Congress Classification
Tipo de ítem Koha Documentos
Holdings
Estado de retiro Estado de pérdida Estado dañado No para préstamo Localización permanente Ubicación/localización actual Fecha de adquisición Total de préstamos Signatura topográfica completa Código de barras Fecha visto por última vez Precio válido a partir de Tipo de ítem Koha
El ejemplar forma parte de la colección y puede ser consultado según las políticas vigentes.       Biblioteca del Museo Franz Mayer (Rogerio Casas-Alatriste) Biblioteca del Museo Franz Mayer (Rogerio Casas-Alatriste) 19/11/2010   DOC101 .G67 1839 5408 22/03/2019 22/03/2019 Documentos